THE UNPREDICTABLE PAST EXPLORATIONS IN AMERICAN CULTURAL HISTORY/ (Record no. 615648)
[ view plain ]
| 000 -LEADER | |
|---|---|
| fixed length control field | 00383nam a22001337a 4500 |
| 020 ## - INTERNATIONAL STANDARD BOOK NUMBER | |
| Qualifying information | HB. |
| 040 ## - CATALOGING SOURCE | |
| Transcribing agency | FIZZA ISHAQ |
| 082 ## - DEWEY DECIMAL CLASSIFICATION NUMBER | |
| Classification number | 973.04960 |
| Author Mark | LAW |
| 100 ## - MAIN ENTRY--PERSONAL NAME | |
| Personal name | LEVINE,W.LAWRENCE. |
| 9 (RLIN) | 132512 |
| 245 ## - TITLE STATEMENT | |
| Title | THE UNPREDICTABLE PAST EXPLORATIONS IN AMERICAN CULTURAL HISTORY/ |
| Statement of responsibility, etc. | LAWRENCE W.LEVINE. |
| 260 ## - PUBLICATION, DISTRIBUTION, ETC. | |
| Place of publication, distribution, etc. | NEW YORK; |
| Name of publisher, distributor, etc. | OXFORD, |
| Date of publication, distribution, etc. | 1993. |
| 300 ## - PHYSICAL DESCRIPTION | |
| Extent | 372 P. ; |
| Dimensions | 9.9X6.2IN |
| 942 ## - ADDED ENTRY ELEMENTS (KOHA) | |
| Source of classification or shelving scheme | |
| Koha item type | Book |
| Withdrawn status | Lost status | Source of classification or shelving scheme | Damaged status | Not for loan | Permanent Location | Current Location | Shelving location | Date acquired | Total Checkouts | Full call number | Barcode | Date last seen | Price effective from | Koha item type |
|---|---|---|---|---|---|---|---|---|---|---|---|---|---|---|
| NUST Baluchistan Campus (NBC) | NUST Baluchistan Campus (NBC) | General Stacks | 12/19/2025 | 973.04960 LAW | QD-885 | 12/19/2025 | 12/19/2025 | Book |
